Statistiken für Schnelle Mathematik – Verdoppeln Sie diese Zahl!

Klicken Sie hier um das Quiz zu spielen!

Allgemein

  • Dieses Quiz wurde 742 mal gespielt
  • Das Durchschnittsergebnis liegt bei 13 aus 20

Antwortstatistiken

NummerDoppelt% Korrekt
510
100%
50100
100%
5031006
100%
5051010
100%
5061012
100%
5071014
100%
5081016
100%
5111022
100%
5131026
100%
52104
100%
5201040
100%
5211042
100%
5241048
100%
5311062
100%
5361072
100%
54108
100%
5431086
100%
5471094
100%
55110
100%
5501100
100%
56112
100%
57114
100%
58116
100%
5811162
100%
612
100%
6011202
100%
6021204
100%
6031206
100%
6041208
100%
6051210
100%
6071214
100%
6081216
100%
6191238
100%
62124
100%
6311262
100%
6401280
100%
6431286
100%
6541308
100%
6551310
100%
6801360
100%
6941388
100%
714
100%
70140
100%
7031406
100%
71142
100%
7101420
100%
7111422
100%
7131426
100%
7261452
100%
7361472
100%
7451490
100%
7501500
100%
7511502
100%
7541508
100%
7701540
100%
7801560
100%
7831566
100%
79158
100%
7991598
100%
816
100%
8001600
100%
8021604
100%
8031606
100%
8041608
100%
8051610
100%
8071614
100%
8101620
100%
8111622
100%
8151630
100%
8201640
100%
85170
100%
8501700
100%
8871774
100%
8891778
100%
8901780
100%
8971794
100%
918
100%
90180
100%
9001800
100%
9021804
100%
9041808
100%
9081816
100%
9101820
100%
9111822
100%
9151830
100%
9171834
100%
9321864
100%
94188
100%
9501900
100%
9581916
100%
99198
100%
9901980
100%
1020
100%
100200
100%
102204
100%
103206
100%
105210
100%
106212
100%
108216
100%
109218
100%
1122
100%
112224
100%
113226
100%
115230
100%
118236
100%
120240
100%
121242
100%
123246
100%
124248
100%
128256
100%
1326
100%
130260
100%
133266
100%
138276
100%
141282
100%
142284
100%
145290
100%
146292
100%
1530
100%
1632
100%
160320
100%
166332
100%
1734
100%
170340
100%
1836
100%
180360
100%
182364
100%
188376
100%
1938
100%
190380
100%
195390
100%
2040
100%
201402
100%
204408
100%
208416
100%
2142
100%
212424
100%
215430
100%
220440
100%
221442
100%
222444
100%
225450
100%
2346
100%
230460
100%
2448
100%
244488
100%
246492
100%
250500
100%
252504
100%
255510
100%
2652
100%
262524
100%
280560
100%
288576
100%
2958
100%
3060
100%
303606
100%
304608
100%
309618
100%
3162
100%
312624
100%
315630
100%
318636
100%
321642
100%
323646
100%
3366
100%
330660
100%
332664
100%
334668
100%
340680
100%
343686
100%
344688
100%
346692
100%
349698
100%
3570
100%
359718
100%
3672
100%
370740
100%
3876
100%
4080
100%
402804
100%
4182
100%
412824
100%
418836
100%
420840
100%
421842
100%
4386
100%
432864
100%
439878
100%
440880
100%
445890
100%
454908
100%
460920
100%
464928
100%
4794
100%
488976
100%
491982
100%
495990
100%
498996
100%
499998
100%
380760
89%
5041008
88%
5391078
88%
72144
88%
9441888
88%
157314
88%
206412
88%
290580
88%
401802
88%
4488
88%
4590
88%
451902
88%
496992
88%
5141028
86%
5171034
86%
53106
86%
59118
86%
6241248
86%
64128
86%
7421484
86%
8331666
86%
8801760
86%
9121824
86%
101202
86%
111222
86%
125250
86%
164328
86%
211422
86%
217434
86%
241482
86%
245490
86%
265530
86%
307614
86%
360720
86%
399798
86%
405810
86%
438876
86%
5441088
83%
5851170
83%
6141228
83%
6151230
83%
6261252
83%
6461292
83%
7021404
83%
7161432
83%
7221444
83%
74148
83%
7671534
83%
8191638
83%
8241648
83%
8301660
83%
88176
83%
9061812
83%
9071814
83%
9251850
83%
93186
83%
110220
83%
1224
83%
152304
83%
202404
83%
216432
83%
270540
83%
314628
83%
316632
83%
319638
83%
331662
83%
414828
83%
417834
83%
456912
83%
260520
82%
5001000
80%
5021004
80%
5261052
80%
5491098
80%
5521104
80%
5701140
80%
60120
80%
6061212
80%
6481296
80%
6501300
80%
6631326
80%
6731346
80%
6821364
80%
7141428
80%
77154
80%
78156
80%
8131626
80%
8251650
80%
8781756
80%
92184
80%
9551910
80%
96192
80%
9801960
80%
135270
80%
143286
80%
151302
80%
158316
80%
165330
80%
232464
80%
239478
80%
251502
80%
257514
80%
273546
80%
292584
80%
297594
80%
3264
80%
328656
80%
407814
80%
410820
80%
415830
80%
416832
80%
422844
80%
447894
80%
449898
80%
480960
80%
487974
80%
73146
78%
8401680
78%
122244
78%
214428
78%
403806
78%
4692
78%
5321064
75%
5331066
75%
5371074
75%
5771154
75%
5941188
75%
6171234
75%
6201240
75%
6321264
75%
6341268
75%
6421284
75%
65130
75%
6531306
75%
66132
75%
6621324
75%
6901380
75%
6951390
75%
7001400
75%
7011402
75%
7061412
75%
7201440
75%
7321464
75%
7441488
75%
7601520
75%
7721544
75%
7731546
75%
7751550
75%
7791558
75%
80160
75%
8221644
75%
8271654
75%
8411682
75%
9031806
75%
9051810
75%
9201840
75%
9331866
75%
9851970
75%
104208
75%
107214
75%
114228
75%
116232
75%
132264
75%
134268
75%
1428
75%
147294
75%
149298
75%
156312
75%
159318
75%
161322
75%
179358
75%
181362
75%
194388
75%
200400
75%
209418
75%
213426
75%
219438
75%
226452
75%
264528
75%
275550
75%
279558
75%
325650
75%
341682
75%
351702
75%
400800
75%
4284
75%
426852
75%
435870
75%
441882
75%
443886
75%
446892
75%
471942
75%
7401480
73%
5011002
71%
5091018
71%
5601120
71%
6091218
71%
61122
71%
6711342
71%
68136
71%
6981396
71%
75150
71%
7901580
71%
8181636
71%
8231646
71%
8321664
71%
9871974
71%
127254
71%
172344
71%
185370
71%
235470
71%
283566
71%
300600
71%
308616
71%
345690
71%
352704
71%
3978
71%
433866
71%
9011802
70%
9421884
70%
51102
67%
5101020
67%
5121024
67%
5161032
67%
5231046
67%
5291058
67%
5301060
67%
5411082
67%
5561112
67%
5571114
67%
5751150
67%
5901180
67%
6111222
67%
6251250
67%
6351270
67%
6411282
67%
6441288
67%
6571314
67%
6751350
67%
6871374
67%
69138
67%
7091418
67%
7151430
67%
7231446
67%
7281456
67%
7351470
67%
7461492
67%
7521504
67%
76152
67%
7741548
67%
7931586
67%
8081616
67%
81162
67%
8211642
67%
8261652
67%
8371674
67%
8381676
67%
84168
67%
8511702
67%
8581716
67%
86172
67%
8941788
67%
9091818
67%
9131826
67%
9141828
67%
9221844
67%
9301860
67%
9491898
67%
95190
67%
9521904
67%
9571914
67%
9601920
67%
9701940
67%
186372
67%
198396
67%
199398
67%
203406
67%
218436
67%
2244
67%
231462
67%
254508
67%
2856
67%
281562
67%
301602
67%
311622
67%
322644
67%
326652
67%
327654
67%
337674
67%
3468
67%
356712
67%
363726
67%
381762
67%
382764
67%
393786
67%
395790
67%
396792
67%
442884
67%
444888
67%
452904
67%
461922
67%
466932
67%
474948
67%
478956
67%
4896
67%
489978
67%
9831966
64%
6121224
63%
7191438
63%
7961592
63%
8011602
63%
8441688
63%
191382
63%
223446
63%
455910
63%
5151030
60%
5221044
60%
5351070
60%
5531106
60%
5801160
60%
5861172
60%
6131226
60%
6301260
60%
6881376
60%
6891378
60%
7051410
60%
7581516
60%
7681536
60%
7821564
60%
7851570
60%
7941588
60%
7981596
60%
8141628
60%
82164
60%
8291658
60%
8311662
60%
9181836
60%
9191838
60%
9431886
60%
9561912
60%
9751950
60%
126252
60%
139278
60%
140280
60%
162324
60%
171342
60%
224448
60%
237474
60%
240480
60%
299598
60%
313626
60%
324648
60%
329658
60%
336672
60%
339678
60%
358716
60%
365730
60%
369738
60%
375750
60%
383766
60%
398796
60%
409818
60%
434868
60%
436872
60%
437874
60%
453906
60%
462924
60%
479958
60%
484968
60%
4998
60%
5551110
57%
5711142
57%
6291258
57%
63126
57%
6391278
57%
6451290
57%
8091618
57%
8611722
57%
87174
57%
9211842
57%
9241848
57%
9271854
57%
136272
57%
210420
57%
228456
57%
234468
57%
253506
57%
305610
57%
333666
57%
368736
57%
406812
57%
427854
57%
486972
57%
5651130
56%
6001200
56%
6471294
56%
7291458
56%
8751750
56%
183366
56%
258516
56%
272544
56%
335670
56%
5181036
50%
5271054
50%
5281056
50%
5421084
50%
5461092
50%
5691138
50%
5741148
50%
5841168
50%
5881176
50%
5891178
50%
5971194
50%
5991198
50%
6181236
50%
6211242
50%
6221244
50%
6231246
50%
6281256
50%
6331266
50%
6511302
50%
6611322
50%
6641328
50%
67134
50%
6701340
50%
6811362
50%
7041408
50%
7081416
50%
7121424
50%
7211442
50%
7251450
50%
7301460
50%
7311462
50%
7331466
50%
7381476
50%
7481496
50%
7551510
50%
7591518
50%
7611522
50%
7711542
50%
7761552
50%
7781556
50%
7811562
50%
7871574
50%
7881576
50%
7921584
50%
8121624
50%
8171634
50%
83166
50%
8391678
50%
8531706
50%
8541708
50%
8591718
50%
8641728
50%
8671734
50%
8681736
50%
8691738
50%
8701740
50%
8811762
50%
8841768
50%
8911782
50%
8961792
50%
8991798
50%
91182
50%
9281856
50%
9291858
50%
9391878
50%
9401880
50%
9481896
50%
9531906
50%
9641928
50%
9691938
50%
97194
50%
9741948
50%
9791958
50%
9821964
50%
9841968
50%
9861972
50%
119238
50%
131262
50%
150300
50%
153306
50%
176352
50%
184368
50%
193386
50%
196392
50%
197394
50%
205410
50%
207414
50%
227454
50%
229458
50%
233466
50%
236472
50%
243486
50%
247494
50%
248496
50%
249498
50%
259518
50%
261522
50%
274548
50%
289578
50%
293586
50%
296592
50%
306612
50%
310620
50%
317634
50%
348696
50%
350700
50%
355710
50%
357714
50%
366732
50%
372744
50%
386772
50%
390780
50%
394788
50%
404808
50%
413826
50%
419838
50%
424848
50%
429858
50%
431862
50%
448896
50%
450900
50%
458916
50%
459918
50%
468936
50%
470940
50%
483966
50%
490980
50%
6861372
46%
256512
46%
9451890
45%
391782
45%
481962
44%
5791158
43%
6651330
43%
7241448
43%
7371474
43%
7531506
43%
7561512
43%
7631526
43%
8731746
43%
9351870
43%
9361872
43%
263526
43%
271542
43%
284568
43%
298596
43%
342684
43%
347694
43%
387774
43%
482964
43%
266532
42%
5251050
40%
5341068
40%
5401080
40%
5591118
40%
5661132
40%
5671134
40%
5731146
40%
5871174
40%
5921184
40%
5931186
40%
6271254
40%
6721344
40%
6741348
40%
6851370
40%
7911582
40%
8341668
40%
8431686
40%
8561712
40%
8601720
40%
8721744
40%
8821764
40%
9411882
40%
9471894
40%
9761952
40%
9771954
40%
9811962
40%
9931986
40%
9941988
40%
129258
40%
137274
40%
155310
40%
169338
40%
174348
40%
287574
40%
353706
40%
361722
40%
362724
40%
388776
40%
469938
40%
472944
40%
493986
40%
497994
40%
6781356
38%
7891578
38%
9891978
38%
192384
38%
373746
38%
5911182
36%
371742
36%
5381076
33%
5541108
33%
5581116
33%
5611122
33%
5621124
33%
5631126
33%
5721144
33%
5831166
33%
6161232
33%
6591318
33%
6771354
33%
6921384
33%
6971394
33%
7071414
33%
7341468
33%
7841568
33%
7971594
33%
8061612
33%
8471694
33%
8491698
33%
8771754
33%
8791758
33%
89178
33%
8921784
33%
9161832
33%
9231846
33%
9511902
33%
9591918
33%
9631926
33%
9721944
33%
9781956
33%
9911982
33%
117234
33%
163326
33%
167334
33%
178356
33%
187374
33%
238476
33%
268536
33%
276552
33%
278556
33%
291582
33%
295590
33%
320640
33%
3774
33%
376752
33%
384768
33%
389778
33%
392784
33%
408816
33%
428856
33%
430860
33%
476952
33%
8661732
30%
367734
30%
457914
30%
494988
30%
5781156
29%
7411482
29%
7571514
29%
8551710
29%
8861772
29%
8981796
29%
9261852
29%
9611922
29%
465930
29%
267534
27%
5451090
25%
5641128
25%
5951190
25%
6371274
25%
6561312
25%
6661332
25%
7181436
25%
7391478
25%
7471494
25%
7651530
25%
7951590
25%
8161632
25%
8421684
25%
8481696
25%
8621724
25%
8711742
25%
9541908
25%
9661932
25%
9681936
25%
9711942
25%
9881976
25%
168336
25%
173346
25%
242484
25%
282564
25%
294588
25%
354708
25%
377754
25%
397794
25%
411822
25%
475950
25%
8631726
22%
8951790
22%
177354
22%
5481096
20%
5681136
20%
6521304
20%
6841368
20%
6931386
20%
6961392
20%
6991398
20%
7171434
20%
7641528
20%
7661532
20%
7771554
20%
8281656
20%
8351670
20%
8361672
20%
8521704
20%
8571714
20%
8881776
20%
9461892
20%
9731946
20%
364728
20%
379758
20%
467934
20%
6581316
17%
8451690
17%
8741748
17%
8761752
17%
9621924
17%
9651930
17%
477954
17%
6791358
14%
6831366
14%
7691538
14%
8851770
14%
9341868
14%
378756
14%
463926
13%
5191038
0%
5511102
0%
5761152
0%
5821164
0%
5961192
0%
5981196
0%
6101220
0%
6361272
0%
6381276
0%
6491298
0%
6601320
0%
6671334
0%
6681336
0%
6691338
0%
6761352
0%
6911382
0%
7271454
0%
7431486
0%
7491498
0%
7621524
0%
7861572
0%
8461692
0%
8651730
0%
8831766
0%
8931786
0%
9311862
0%
9371874
0%
9381876
0%
9671934
0%
98196
0%
9921984
0%
144288
0%
148296
0%
154308
0%
175350
0%
189378
0%
2550
0%
269538
0%
2754
0%
277554
0%
285570
0%
286572
0%
302604
0%
338676
0%
374748
0%
385770
0%
423846
0%
425850
0%
473946
0%
485970
0%
492984
0%

Verteilung der Resultate

Perzentil nach korrekt beantworteten Fragen

Anzahl Personen mit jedem Resultat

Ihre Resultats-Entwicklung

Sie haben dieses Quiz noch nicht gespielt